| 000 | 00359nam a2200145Ia 4500 | ||
|---|---|---|---|
| 008 | 230917s9999||||xx |||||||||||||| ||und|| | ||
| 040 |
_e190504 _aMAIN |
||
| 041 | _aEnglish | ||
| 082 | _a621 S15P | ||
| 100 | _aSadhu Singh | ||
| 245 | 0 | _aPrinciples of mechanical engineering | |
| 260 |
_aNew Delhi _bS Chand _c2010 |
||
| 300 | _axviii, 652 p. | ||
| 942 | _cBK | ||
| 999 |
_c157451 _d157451 |
||